000 00226nam a22000857a 4500
008 161121b xxu||||| |||| 00| 0 eng d
100 _91301
_aMoore.P.
245 _aScary Ghost Stories to Thrill You
260 _aNew Delhi
_bMohit
_c2012
999 _c4015
_d4015